|
|
|
|
| LEADER |
02346njm a2200577 a 4500 |
| 001 |
000332468 |
| 003 |
CZ BrMZK |
| 005 |
20100311083309.0 |
| 008 |
970101s1991 xx f eng d |
| 028 |
0 |
3 |
|a 46290/18, 46290/19
|b Sony Music Entertainment
|
| 040 |
|
|
|a BOA001
|b cze
|
| 041 |
1 |
|
|a eng
|a fre
|
| 080 |
|
|
|a 782.9"19"(086.7)
|2 MRF
|
| 080 |
|
|
|a 785.11(086.7)
|2 MRF
|
| 080 |
|
|
|a 792.57(086.7)
|2 MRF
|
| 080 |
|
|
|a 782.8(086.7)
|2 MRF
|
| 100 |
1 |
|
|a Stravinsky, Igor,
|d 1882-1971
|7 jn19992001136
|4 cmp
|4 cnd
|
| 245 |
1 |
0 |
|a Oratorio - melodrama
|h [zvukový záznam] /
|c Igor Stravinsky.
|
| 246 |
3 |
3 |
|a Perséphone
|
| 246 |
3 |
3 |
|a <<The >>Flood
|
| 246 |
3 |
3 |
|a Monumentum pro Gesualdo di Venosa ad CD annum
|
| 246 |
3 |
3 |
|a Ode
|
| 246 |
3 |
3 |
|a Oedipus Rex
|
| 260 |
|
|
|a [S.l.] :
|b Sony Music Entertainment,
|c p1991
|
| 300 |
|
|
|a 2 CD :
|b ADD ;
|c 12 cm +
|e 1 brožura (120 s.).
|
| 306 |
|
|
|a 011249
|a 011312
|
| 490 |
1 |
|
|a Igor Stravinsky edition ;
|v vol. 10
|
| 500 |
|
|
|a Durata 73:12, 72:49
|
| 500 |
|
|
|a Text a texty skladeb v brož. vícejaz.
|
| 500 |
|
|
|a Nahr. 1961, 1962, 1966, 1964, 1960
|
| 505 |
2 |
|
|a Oedipus Rex, The Flood, Perséphone ... [et al.]
|
| 511 |
0 |
|
|a Chorus and Orchestra of the Opera Society of Washington, D.C., dir. Igor Stravinsky; Columbia Symphony Orchestra and Chorus, sbm. Greg Smith, dir. Robert Craft; Ithaca College Concert Choir ... [et al.]
|
| 653 |
0 |
|
|a melodramy
|a muzikály
|a oratoria
|a smíšené sbory
|a symfonický orchestr
|
| 700 |
1 |
|
|a Smith, Gregg,
|d 1931-2016
|7 jo2008399893
|4 cnd
|
| 700 |
1 |
|
|a Craft, Robert,
|d 1923-2015
|7 ola2002159028
|4 cnd
|
| 710 |
2 |
|
|a Opera Society of Washington.
|b Orchestra
|
| 710 |
2 |
|
|a Texas Boys Choir of Fort Worth
|4 prf
|
| 710 |
2 |
|
|a Cleveland Orchestra
|7 ko2003186522
|4 prf
|
| 710 |
2 |
|
|a Opera Society of Washington.
|b Choir
|
| 710 |
2 |
|
|a Columbia Symphony Chorus
|4 prf
|
| 710 |
2 |
|
|a Columbia Symphony Orchestra
|7 mzk2004218531
|
| 710 |
2 |
|
|a Gregg Smith Singers
|7 xx0072808
|4 prf
|
| 710 |
2 |
|
|a Ithaca College.
|b Concert Choir
|7 xx0072842
|4 prf
|
| 830 |
|
0 |
|a Igor Stravinsky edition
|
| 910 |
|
|
|a BOA001
|b CD-0006.203
|
| 964 |
|
|
|a Melodramy
|x CD
|
| 964 |
|
|
|a Muzikály
|x CD
|
| 964 |
|
|
|a Oratoria
|z stol.20.,pol.1.
|x CD
|
| 964 |
|
|
|a Orchestr symfonický
|x CD
|
| 990 |
|
|
|a AV
|
| 996 |
6 |
|
|b 261H006516
|c CD-0006.203
|l MZK
|r Sklad / do 24 hodin
|n 0
|w 000332468
|u 000010
|a 1
|e BOA001
|j MZK50
|s P
|